000 00578nam a2200217Ii 4500
003 JO-AjNU
008 230606s9999||||xx |||||||||||||| ||und||
020 _a0-582-55247-8
040 _aJO-AjNU
_beng
_erda
_cJO-AjNU
041 _aeng
050 1 4 _aQ226.B64.1977
100 3 _aBolithi.Sandler,
_eauthor
_93603
245 0 0 _aLearn English For Science
250 _a1 ed
264 3 1 _aLongman
300 _a108p
336 _atext
_btxt
_2rdacontent
337 _aunmediated
_bn
_2rdamedia
338 _avolume
_bnc
_2rdacarrier
650 4 _aLearn English For Science
_93604
999 _aE1880
_c1880
_d1880